| 000 | 01098cam a2200289 a 4500 | ||
|---|---|---|---|
| 001 | 13323668 | ||
| 003 | OSt | ||
| 005 | 20211119125650.0 | ||
| 008 | 030826s2004 inua 001 0 eng d | ||
| 010 | _a 2003111834 | ||
| 020 |
_a0672325810 : _c$59.99 |
||
| 040 |
_aBVA _cBVA _dUAT _dDLC |
||
| 042 | _alccopycat | ||
| 050 | 0 | 0 |
_aQA76.9.C55 _bM5295 2004 |
| 082 | 0 | 0 |
_a005.7/1376 _222 |
| 245 | 0 | 0 |
_aMicrosoft Exchange server 2003 unleashed / _cRand H. Morimoto ... [et al.]. |
| 260 |
_aIndianapolis, Ind. : _bSAMS Pub., _cc2004. |
||
| 300 |
_axli, 1006 p. : _bill. ; _c23 cm. |
||
| 500 | _aIncludes index. | ||
| 630 | 0 | 0 |
_aMicrosoft Exchange server. _925290 |
| 650 | 0 |
_aClient/server computing. _952629 |
|
| 700 | 1 |
_aMorimoto, Rand. _952630 |
|
| 856 | 4 | 1 |
_3Table of contents _uhttp://www.loc.gov/catdir/toc/fy0801/2003111834.html |
| 906 |
_a7 _bcbc _ccopycat _d2 _encip _f20 _gy-gencatlg |
||
| 942 |
_2lcc _cBK |
||
| 999 |
_c66866 _d66840 |
||